Desempleo: XIV Congreso Nacional de Derecho del Trabajo y de la Seguridad Social
Guardat en:
| Format: | Llibre |
|---|---|
| Idioma: | espanyol |
| Publicat: |
Madrid
Ministerio de Trabajo y Asuntos Sociales
2004
|
| Col·lecció: | Colección Informes y Estudios. Serie Relaciones Laborales, 61
|
| Matèries: | |
| Etiquetes: |
Afegir etiqueta
Sense etiquetes, Sigues el primer a etiquetar aquest registre!
|
MARC
| LEADER | 00000nam a2200000 a 4500 | ||
|---|---|---|---|
| 001 | UCK4857 | ||
| 003 | CL-VaPUC | ||
| 005 | 20230525074429.0 | ||
| 008 | 050624e20040000sp 1 spa d | ||
| 020 | |a 8484171639 | ||
| 082 | 0 | 4 | |a 344.4602 |b DES |2 21 |
| 245 | 1 | 0 | |a Desempleo: XIV Congreso Nacional de Derecho del Trabajo y de la Seguridad Social |
| 260 | |a Madrid |b Ministerio de Trabajo y Asuntos Sociales |c 2004 | ||
| 300 | |a 1467 p | ||
| 490 | 0 | |a Colección Informes y Estudios. Serie Relaciones Laborales, 61 | |
| 583 | |a last modification |c 20170731 10:36:12 |k Rodrigo Vera | ||
| 650 | 0 | 7 | |a DERECHO LABORAL |2 CL-VaPUC |9 15 |
| 650 | 0 | 0 | |a Seguridad social |9 255322 |
| 650 | 0 | 0 | |a Desempleo |9 257579 |
| 650 | 0 | 7 | |a POLITICAS LABORALES |2 CL-VaPUC |9 620754 |
| 651 | 0 | |a España |9 254926 | |
| 942 | |c BK | ||
| 945 | |a jcarroza |d 20050624 00:00:00 | ||
| 546 | |a En Español | ||
| 536 | |a Asociación Española de Derecho del Trabajo y de la Seguridad Social | ||
| 518 | |p Congreso Nacional de Derecho del Trabajo y de la Seguridad Social, 14, Oviedo, 23 y 24 de mayo de 2003 | ||
| 999 | |c 384142 |d 384140 | ||
| 952 | |0 0 |1 0 |4 0 |6 344_460200000000000_DES_2004 |7 0 |8 A |9 506630 |a BIBDER |b BIBDER |d 2020-01-23 |i 4140370 |o 344.4602 DES 2004 |p 4140370 |r 2023-01-25 |w 2020-01-23 |y BK |k DER | ||